El búho de Minerva: introducción a la filosofía moderna
Gespeichert in:
| 1. Verfasser: | |
|---|---|
| Format: | Buch |
| Sprache: | Spanisch |
| Veröffentlicht: |
Santiago
J. C. Sáez
2004
|
| Ausgabe: | 4a. ed |
| Schriftenreihe: | Colección Ensayo
|
| Schlagworte: | |
| Tags: |
Tag hinzufügen
Keine Tags, Fügen Sie den ersten Tag hinzu!
|
MARC
| LEADER | 00000nam a2200000 a 4500 | ||
|---|---|---|---|
| 001 | UCL9706 | ||
| 003 | CL-VaPUC | ||
| 005 | 20240306132133.0 | ||
| 008 | 040820e20040000CL |||||||||||||||||spa|d | ||
| 999 | |c 310420 |d 310418 | ||
| 020 | |a 9567802564 | ||
| 040 | |c Pontificia Universidad Católica de Valparaíso | ||
| 082 | 0 | 4 | |a 190 |b ECH |2 21 |
| 100 | 0 | |a Echeverría, Rafael |e author |9 354 | |
| 245 | 1 | 3 | |a El búho de Minerva: introducción a la filosofía moderna |
| 250 | |a 4a. ed | ||
| 260 | |a Santiago |b J. C. Sáez |c 2004 | ||
| 300 | |a 315 p | ||
| 490 | 0 | |a Colección Ensayo | |
| 583 | |a last modification |c 20040820 00:00:00 |k Rodrigo Vera | ||
| 650 | 0 | |a Filosofía moderna |9 258121 | |
| 650 | 0 | |a Pensamiento filosófico |9 392662 | |
| 650 | 0 | |a Filosofía del lenguaje |9 257082 | |
| 650 | 0 | |a Filosofía analítica |9 316758 | |
| 942 | |c BK |2 ddc | ||
| 945 | |d 20040820 00:00:00 |a cmena | ||
| 952 | |0 0 |1 0 |4 0 |6 190_000000000000000_ECH_2004 |7 0 |8 A |9 378811 |a BIBCUR |b BIBCUR |d 2019-11-21 |i 4050886 |o 190 ECH 2004 |p 4050886 |r 2025-04-22 |w 2019-11-21 |y BK |k PER | ||
| 952 | |0 0 |1 0 |4 0 |6 190_000000000000000_ECH_2004 |7 0 |8 R |9 378812 |a BIBGIM |b BIBGIM |d 2019-11-21 |i 4094891 |l 2 |o 190 ECH 2004 |p 4094891 |r 2025-01-15 |s 2022-04-18 |w 2019-11-21 |y BK_R |k SSL | ||
| 952 | |0 0 |1 0 |4 0 |6 190_000000000000000_ECH_2004 |7 0 |8 R |9 378813 |a BIBEDU |b BIBEDU |c MCIRC |d 2019-11-21 |i 4257863 |o 190 ECH 2004 |p 4257863 |r 2023-01-13 |w 2019-11-21 |y BK_R |k EBA | ||